LEADER 00618nab a2200145 i 4500 001 000000268436 003 CaOOAMICUS 005 20080326000000.0 008 080326n xx uu u0 0und r 013 $a13768 040 $aSeMil$bita 245 10$aTempo di Pasqua. - 32 p. ; 25 cm. - (Ascolto e Annuncio ; Anno A, 4). - Titolo dalla prima pagina. 500 $a16-23 marzo 2008 - Supplemento. 773 0 $t[2008 : Gennaio-Giugno].$dBologna : Centro Editoriale Dehoniano, 2008.$w()169052 996 $6245$aTempo di Pasqua. - 32 p. ; 25 cm. - (Ascolto e Annuncio ; Anno A, 4). - Titolo dalla prima pagina.$9(OLS)http://semarc/title/358749 LEADER 01090nam a2200241 i 4500 001 000000187449 003 CaOOAMICUS 005 20100317000000.0 008 100317s1969 it u000 u fre u 013 $a165540 040 $aSeMil$bita 100 1 $aDupuy, Michel.$0(OLS)http://semarc/name/23621 245 10$aBerulle et le sacerdoce :$betude historique et doctrinale. Textes inedits /$cMichel Dupuy. 260 $aParis :$bLethielleux,$c1969. 300 $a441 p. ;$c24 cm. 490 0 $aBibliothèque d'histoire et d'archéologie chrétiennes 500 $aContiene : Bibliographie. 600 14$aBérulle, Pierre : de .$0(OLS)http://semarc/subject/6581 830 0$aBibliothèque d'histoire et d'archéologie chrétiennes.$0(OLS)http://semarc/title/31024 850 $aSeMil 852 $aSeMil$W1$xVenegono$y1$m3G IV 123$j138136$B138136$CSeMilBibl$Z2$F149598 $81 996 $6245$aBerulle et le sacerdoce :$betude historique et doctrinale. Textes inedits$9(OLS)http://semarc/title/269664 996 $6260$aParis :$bLethielleux$9(OLS)http://semarc/publisher/30156